[Event "Lichtenberger Sommer 2024"]
[Site "Berlin"]
[Date "2024.08.11"]
[Round "2.52"]
[White "Meister, Alexander"]
[Black "Mannaberg, Steffen"]
[Result "0-1"]
[WhiteElo "1925"]
[BlackElo "1756"]
[PlyCount "96"]
[EventDate "2024.08.10"]
[WhiteTeam "vereinslos"]
[BlackTeam "vereinslos"]

1. d4 d6 2. Nf3 Nd7 3. c4 e5 4. d5 f5 5. Nc3 Ngf6 6. Qc2 e4 7. Nd4 Ne5 8. b3 c5
9. Ndb5 a6 10. Na3 Bd7 11. h3 b5 12. Nd1 Be7 13. Bb2 Qa5+ 14. Qd2 Qxd2+ 15.
Kxd2 b4 16. Bxe5 dxe5 17. Nc2 Kf7 18. e3 g5 19. Be2 h5 20. Nb2 f4 21. a3 g4 22.
axb4 cxb4 23. Na4 Bxa4 24. Rxa4 f3 25. Bf1 a5 26. Ke1 Nd7 27. Ra2 Nc5 28. Na1
fxg2 29. Bxg2 a4 30. bxa4 b3 31. Nxb3 Nxb3 32. Bxe4 Nc5 33. Bc2 e4 34. Kf1 Rh6
35. hxg4 h4 36. Kg2 Rb8 37. Rb1 Rxb1 38. Bxb1 Rf6 39. a5 Ra6 40. f3 exf3+ 41.
Kxf3 h3 42. e4 Bd6 43. Bc2 Be5 44. g5 Kg6 45. Kf2 Kxg5 46. Ra3 Kh4 47. Bd3 h2
48. Kg2 Rg6+ 0-1

[Event "Lichtenberger Sommer 2024"]
[Site "Berlin"]
[Date "2024.08.11"]
[Round "2.53"]
[White "Jeß, Arne"]
[Black "Maxin, Falko"]
[Result "1/2-1/2"]
[WhiteElo "1918"]
[BlackElo "1755"]
[PlyCount "70"]
[EventDate "2024.08.10"]
[WhiteTeam "TSG Rot-Weiß Fredersdorf/Vogelsd"]
[BlackTeam "TSG Oberschöneweide e.V."]

1. e4 e5 2. Nf3 Nc6 3. Nc3 Nf6 4. Bb5 d6 5. d4 exd4 6. Nxd4 Bd7 7. O-O Be7 8.
Nxc6 Bxc6 9. Bxc6+ bxc6 10. Qf3 Nd7 11. Qg3 Bf6 12. Rb1 O-O 13. Ne2 Re8 14. Nc3
Rb8 15. Bd2 Nc5 16. f3 Ne6 17. Be3 Bd4 18. Qf2 Qf6 19. Bxd4 Qxd4 20. Rfd1 Qxf2+
21. Kxf2 f6 22. Ne2 c5 23. c4 Rb4 24. b3 Rd8 25. Rd3 a5 26. Nc3 Rb7 27. Nb5 Kf7
28. Ke3 Ke7 29. Rbd1 Ra8 30. f4 a4 31. g3 axb3 32. axb3 Ra2 33. h4 Rb2 34. R1d2
Rb1 35. Rd1 Rb2 1/2-1/2

[Event "Lichtenberger Sommer 2024"]
[Site "Berlin"]
[Date "2024.08.11"]
[Round "2.54"]
[White "Fiedler, Ronald"]
[Black "Sakalli, Selcuk Orkun"]
[Result "0-1"]
[WhiteElo "1736"]
[BlackElo "1897"]
[PlyCount "48"]
[EventDate "2024.08.10"]
[WhiteTeam "SVG Läufer Reinickendorf e.V."]
[BlackTeam "SC Zugzwang 95 e.V."]

1. d4 Nf6 2. c4 g6 3. Nc3 d5 4. cxd5 Nxd5 5. e4 Nxc3 6. bxc3 c5 7. Bc4 Bg7 8.
Ne2 Nc6 9. Be3 O-O 10. O-O Na5 11. Bb3 Nxb3 12. Qxb3 cxd4 13. cxd4 b6 14. Rad1
Ba6 15. Rfe1 Qd7 16. d5 Rfc8 17. Nd4 Bc4 18. Qa3 Qd6 19. Qa4 a5 20. Rb1 Bd3 21.
Rb3 Bxe4 22. Nb5 Qxd5 23. Bxb6 Bc2 24. Nc7 Qd2 0-1

[Event "Lichtenberger Sommer 2024"]
[Site "Berlin"]
[Date "2024.08.11"]
[Round "2.55"]
[White "Schulz, Jannis"]
[Black "Krawatzki, Armin"]
[Result "1/2-1/2"]
[WhiteElo "1897"]
[BlackElo "1754"]
[PlyCount "111"]
[EventDate "2024.08.10"]
[WhiteTeam "Barnimer SF im SV Sta"]
[BlackTeam "SVG Läufer Reinickendorf e.V."]

1. d4 Nf6 2. Nf3 g6 3. e3 Bg7 4. Nbd2 d6 5. Bd3 O-O 6. O-O Bg4 7. h3 Bxf3 8.
Qxf3 Nc6 9. c3 e5 10. Bb5 Ne7 11. dxe5 dxe5 12. e4 c6 13. Be2 Qc7 14. Nb3 h6
15. Bxh6 Bxh6 16. Qxf6 b6 17. Rad1 c5 18. Qh4 Kg7 19. Bg4 Rad8 20. Na1 Rxd1 21.
Rxd1 Rd8 22. Qg3 Rxd1+ 23. Bxd1 Qd6 24. Bb3 c4 25. Bc2 Nc6 26. Qf3 Qd2 27. Qd1
Qxd1+ 28. Bxd1 Bc1 29. Ba4 Bxb2 30. Bxc6 Bxa1 31. Bd5 Bxc3 32. Bxc4 Kf6 33. Kf1
Ke7 34. h4 f6 35. g4 Bd2 36. Ke2 Bc3 37. f3 Kf8 38. Bb3 a5 39. a4 Kg7 40. Be6
Bb4 41. Bd7 Be7 42. Be8 Bd6 43. Ke3 Bc7 44. Kf2 Bd6 45. Kg3 Bc7 46. Kf2 Bd6 47.
Kg3 Bc7 48. h5 gxh5 49. gxh5 Bd6 50. Kg4 Bc5 51. Kf5 Be3 52. Ke6 Bf4 53. Bg6
Be3 54. Kf5 Bf4 55. Be8 Be3 56. Bg6 1/2-1/2

[Event "Lichtenberger Sommer 2024"]
[Site "Berlin"]
[Date "2024.08.11"]
[Round "2.56"]
[White "Krüger, Ekkehard"]
[Black "Ruddat, Mathias"]
[Result "1-0"]
[WhiteElo "1894"]
[BlackElo "1744"]
[PlyCount "57"]
[EventDate "2024.08.10"]
[WhiteTeam "SG NARVA Berlin e.V."]
[BlackTeam "TSG Oberschöneweide e.V."]

1. e4 c5 2. Nf3 g6 3. c3 Bg7 4. d4 cxd4 5. cxd4 Nc6 6. Nc3 e6 7. Be3 Nge7 8.
Bd3 d5 9. e5 a6 10. Rc1 O-O 11. Qd2 f6 12. exf6 Bxf6 13. Ne2 e5 14. dxe5 Nxe5
15. Nxe5 Bxe5 16. O-O Bd7 17. Bd4 Bxd4 18. Nxd4 Nc6 19. Nb3 Ne5 20. Be2 Bc6 21.
Nd4 Qf6 22. b3 Rac8 23. f4 Nd7 24. Bg4 Qd6 25. g3 Rfe8 26. Rfe1 Rxe1+ 27. Qxe1
Rf8 28. Qe6+ Qxe6 29. Bxe6+ 1-0

[Event "Lichtenberger Sommer 2024"]
[Site "Berlin"]
[Date "2024.08.11"]
[Round "2.57"]
[White "Gehrke, Karsten"]
[Black "Kellner, Rene"]
[Result "1-0"]
[WhiteElo "1890"]
[BlackElo "1734"]
[PlyCount "55"]
[EventDate "2024.08.10"]
[WhiteTeam "SV Mattnetz Berlin e.V."]
[BlackTeam "Potsdamer SV Mitte e.V."]

1. c4 e5 2. Nc3 Nf6 3. g3 g6 4. Bg2 Bg7 5. Nf3 Nc6 6. O-O O-O 7. d4 exd4 8.
Nxd4 Nxd4 9. Qxd4 a6 10. Qd3 d6 11. Bf4 Rb8 12. Rad1 Re8 13. Rfe1 Be6 14. Nd5
Nh5 15. Bc1 Bf5 16. e4 Bg4 17. f3 Bd7 18. b3 Nf6 19. Bg5 Be6 20. Qd2 Bxd5 21.
cxd5 Qd7 22. Rc1 Rec8 23. Red1 Ne8 24. h4 Bf6 25. Bf4 Rd8 26. Kh2 c5 27. dxc6
bxc6 28. Qa5 1-0

[Event "Lichtenberger Sommer 2024"]
[Site "Berlin"]
[Date "2024.08.11"]
[Round "2.58"]
[White "Giehl, Juergen"]
[Black "Oppermann, Peter"]
[Result "0-1"]
[WhiteElo "1728"]
[BlackElo "1872"]
[PlyCount "68"]
[EventDate "2024.08.10"]

1. d4 Nf6 2. c4 g6 3. Nc3 Bg7 4. Nf3 d5 5. cxd5 Nxd5 6. e4 Nxc3 7. bxc3 c5 8.
Be3 Qa5 9. Qd2 O-O 10. Be2 Nc6 11. O-O Bg4 12. Bh6 Bxf3 13. Bxf3 cxd4 14. Bxg7
Kxg7 15. Rfc1 Rfd8 16. Qb2 Rab8 17. cxd4 Nxd4 18. Rc4 Qe5 19. Qc3 Rbc8 20. Rc1
Rxc4 21. Qxc4 Rd7 22. Qa4 Nxf3+ 23. Kh1 Qb2 24. Rf1 Qe2 25. Rc1 b5 26. Qb3 Nd4
27. Qc3 Qxe4 28. Re1 Qd5 29. a3 e5 30. h3 f6 31. Rd1 Qc4 32. Qd2 Rc7 33. Qa5
Qc2 34. Re1 Qc3 0-1

[Event "Lichtenberger Sommer 2024"]
[Site "Berlin"]
[Date "2024.08.11"]
[Round "2.60"]
[White "Manthe, Joern Horst"]
[Black "Pöltelt, Helmut"]
[Result "0-1"]
[WhiteElo "1437"]
[BlackElo "1764"]
[PlyCount "86"]
[EventDate "2024.08.10"]
[WhiteTeam "vereinslos"]
[BlackTeam "SC Eintracht Berlin e.V."]

1. d4 d5 2. Nf3 Nf6 3. Bf4 e6 4. h3 Be7 5. Nc3 c6 6. e3 O-O 7. Bd3 Nbd7 8. a3
Re8 9. Qe2 Qb6 10. Na4 Qa5+ 11. Nc3 Bb4 12. O-O Bxc3 13. bxc3 Qxc3 14. Ne5 Nxe5
15. Bxe5 Nd7 16. Bd6 Qa5 17. f4 f5 18. Qh5 Nf6 19. Qh4 Qd8 20. Be5 Nd7 21. Qg5
Qxg5 22. fxg5 Nxe5 23. dxe5 Bd7 24. g4 g6 25. Rf4 c5 26. c4 Bc6 27. a4 Rad8 28.
Kf2 Re7 29. h4 Red7 30. Kg3 d4 31. exd4 Rxd4 32. Be2 Rxf4 33. Kxf4 Rd4+ 34. Kg3
f4+ 35. Kf2 Kf7 36. Rd1 Bxa4 37. Rxd4 cxd4 38. Kf3 Bc2 39. Kxf4 a5 40. h5 a4
41. c5 Bb3 42. Ke4 a3 43. Kxd4 a2 0-1

[Event "Lichtenberger Sommer 2024"]
[Site "Berlin"]
[Date "2024.08.11"]
[Round "2.61"]
[White "Liu, Jonas"]
[Black "Zesewitz, Marco"]
[Result "1-0"]
[WhiteElo "1870"]
[BlackElo "1689"]
[PlyCount "73"]
[EventDate "2024.08.10"]
[WhiteTeam "SV Königsjäger Süd-West e.V."]
[BlackTeam "SV SF Friedrichshagen"]

1. d4 f5 2. Nf3 Nf6 3. g3 e6 4. Bg2 Be7 5. O-O d6 6. c4 O-O 7. b3 Qe8 8. Bb2
Nbd7 9. Nc3 Ne4 10. e3 Nxc3 11. Bxc3 Nf6 12. Nd2 Qg6 13. Qc2 Nh5 14. Rac1 Qh6
15. e4 f4 16. e5 g5 17. g4 f3 18. Nxf3 Nf4 19. exd6 cxd6 20. Ne1 d5 21. Nd3
Nxg2 22. Kxg2 e5 23. Nxe5 Bd6 24. Qe2 Rf4 25. h3 Qh4 26. f3 h5 27. Be1 Qxh3+
28. Kxh3 hxg4+ 29. Nxg4 Bxg4+ 30. fxg4 Kg7 31. Bd2 Rh8+ 32. Kg2 Rh2+ 33. Kxh2
Rf2+ 34. Kg1 Rxe2 35. Bxg5 Rxa2 36. Bf4 Be7 37. Ra1 1-0

[Event "Lichtenberger Sommer 2024"]
[Site "Berlin"]
[Date "2024.08.11"]
[Round "2.62"]
[White "Kretzschmar, Jan"]
[Black "Kaplan, Arne"]
[Result "1-0"]
[WhiteElo "1869"]
[BlackElo "1687"]
[PlyCount "91"]
[EventDate "2024.08.10"]
[WhiteTeam "SC Kreuzberg e.V."]
[BlackTeam "Barnimer SF im SV Sta"]

1. d4 d5 2. Nc3 Nf6 3. Bf4 c6 4. e3 Bf5 5. f3 h6 6. g4 Bg6 7. h4 Qb6 8. Bd3
Bxd3 9. Qxd3 e6 10. Nge2 Na6 11. Qd2 Nc7 12. Na4 Qa6 13. Bxc7 Qxa4 14. Bg3
O-O-O 15. a3 Bd6 16. Bxd6 Rxd6 17. Qb4 Qxb4+ 18. axb4 a6 19. Nc1 Rdd8 20. Nd3
Nd7 21. Kd2 g5 22. Rh3 Rhg8 23. hxg5 hxg5 24. Rah1 Rdf8 25. Ke2 Kc7 26. Rh6 Kd6
27. b3 Ke7 28. Nc5 Nxc5 29. bxc5 Rg7 30. Rh8 Rfg8 31. Kd3 Kd7 32. Kc3 Rxh8 33.
Rxh8 f5 34. Kb4 Kc7 35. Ka5 fxg4 36. fxg4 Rf7 37. Rg8 Rf3 38. Rxg5 Rxe3 39.
Rg7+ Kc8 40. Kb6 Rc3 41. Rg8+ Kd7 42. Kxb7 Rxc2 43. Rg7+ Ke8 44. Kxc6 Rc3 45.
Kd6 Rxb3 46. Kxe6 1-0

[Event "Lichtenberger Sommer 2024"]
[Site "Berlin"]
[Date "2024.08.11"]
[Round "2.63"]
[White "Reißmann, Edmund"]
[Black "Kandeler, Christian"]
[Result "1/2-1/2"]
[WhiteElo "1720"]
[BlackElo "1869"]
[PlyCount "27"]
[EventDate "2024.08.10"]
[WhiteTeam "SV Erzgebirge Stollber"]
[BlackTeam "TSG Oberschöneweide e.V."]

1. d4 Nf6 2. Nf3 g6 3. Bg5 d5 4. e3 Bg7 5. Nbd2 O-O 6. Bd3 c5 7. c3 Nc6 8. O-O
a5 9. a4 Nd7 10. Re1 Qb6 11. b3 e5 12. dxe5 Ndxe5 13. Nxe5 Nxe5 14. Qc2 1/2-1/2

[Event "Lichtenberger Sommer 2024"]
[Site "Berlin"]
[Date "2024.08.11"]
[Round "2.64"]
[White "Schacht, Thomas"]
[Black "Pröschild, Matthias"]
[Result "0-1"]
[WhiteElo "1704"]
[BlackElo "1867"]
[PlyCount "85"]
[EventDate "2024.08.10"]
[WhiteTeam "BSV 63 Chemie Weißensee"]
[BlackTeam "BSV 63 Chemie Weißensee"]

1. d4 g6 2. e4 Bg7 3. Nc3 d6 4. Nf3 Nf6 5. Bg5 O-O 6. Qd2 Re8 7. h3 c6 8. O-O-O
b5 9. e5 dxe5 10. dxe5 Qxd2+ 11. Rxd2 Nbd7 12. Bf4 Nc5 13. Be2 Ne6 14. Bg3 Bh6
15. Rhd1 Nd7 16. Kb1 Bxd2 17. Nxd2 Nb6 18. Bf3 Bd7 19. Bg4 Rad8 20. f4 Nd4 21.
Nde4 Bxg4 22. hxg4 b4 23. Bf2 Ne6 24. Rxd8 Rxd8 25. Ne2 Rd1+ 26. Nc1 Nxf4 27.
g3 Ne2 28. Be3 Nxc1 29. Bxc1 Nc4 30. b3 Nxe5 31. Nf2 Rf1 32. Nd3 Nxd3 33. cxd3
Rf3 34. Bf4 Rxd3 35. Kc2 Rc3+ 36. Kb2 Rf3 37. Bb8 Rf2+ 38. Kb1 a6 39. Bc7 Rg2
40. Ba5 c5 41. Bb6 Rxg3 42. Bxc5 Rxg4 43. Bxe7 0-1

[Event "Lichtenberger Sommer 2024"]
[Site "Berlin"]
[Date "2024.08.11"]
[Round "2.65"]
[White "Schneider, Eckehard"]
[Black "Siebert, Marco Leander"]
[Result "0-1"]
[WhiteElo "1863"]
[BlackElo "1683"]
[PlyCount "70"]
[EventDate "2024.08.10"]

1. d4 d5 2. Bf4 c5 3. e3 Nf6 4. c3 Qb6 5. Qb3 c4 6. Qc2 Nc6 7. Nd2 Bg4 8. h3
Bh5 9. Ngf3 Bg6 10. Qc1 e6 11. b3 cxb3 12. axb3 Ne4 13. Be2 Be7 14. O-O O-O 15.
Qb2 Rfc8 16. Rfc1 a5 17. Nxe4 Bxe4 18. Nd2 Bg6 19. Ra4 Qd8 20. Rca1 Nb4 21. f3
Nd3 22. Bxd3 Bxd3 23. e4 b5 24. R4a2 b4 25. Rc1 f6 26. c4 dxc4 27. Nxc4 Bxc4
28. Rxc4 Rxc4 29. bxc4 a4 30. c5 b3 31. Ra1 a3 32. Rxa3 Rxa3 33. Qxa3 Qxd4+ 34.
Kh2 Bxc5 35. Qxb3 Qg1+ 0-1

[Event "Lichtenberger Sommer 2024"]
[Site "Berlin"]
[Date "2024.08.11"]
[Round "2.66"]
[White "Varazi, Maxime"]
[Black "Skowronski, Peter"]
[Result "0-1"]
[WhiteElo "1689"]
[BlackElo "1863"]
[PlyCount "112"]
[EventDate "2024.08.10"]
[WhiteTeam "SV Empor Berlin e.V."]
[BlackTeam "vereinslos"]

1. e4 e6 2. d4 d5 3. Nd2 Nf6 4. e5 Nfd7 5. Bd3 c5 6. c3 Nc6 7. Ne2 Qb6 8. Nf3
cxd4 9. cxd4 Be7 10. O-O O-O 11. Rb1 Nb4 12. a3 Nxd3 13. Qxd3 f6 14. exf6 Nxf6
15. Ne5 Nd7 16. Be3 Nxe5 17. dxe5 Bc5 18. Bd4 Bd7 19. Bxc5 Qxc5 20. Qd4 Qxd4
21. Nxd4 Rf4 22. Rbd1 Rc8 23. g3 Re4 24. Rfe1 Rxe1+ 25. Rxe1 Rc4 26. Rd1 Kf7
27. Kg2 b5 28. f4 a5 29. g4 b4 30. axb4 Rxb4 31. Rd2 g6 32. h4 h6 33. h5 gxh5
34. f5 hxg4 35. fxe6+ Bxe6 36. Rf2+ Ke7 37. Nc6+ Kd7 38. Nxb4 axb4 39. Rf4 b3
40. Rf6 h5 41. Rh6 Bf7 42. Rb6 h4 43. Rxb3 Ke6 44. Re3 d4 45. Re4 Kd5 46. Re1
d3 47. Rf1 Be6 48. Rd1 Kd4 49. b4 Ke3 50. b5 Ke2 51. Kg1 Kxd1 52. b6 Bd5 53. e6
g3 54. e7 h3 55. e8=Q h2+ 56. Kf1 h1=Q# 0-1

[Event "Lichtenberger Sommer 2024"]
[Site "Berlin"]
[Date "2024.08.11"]
[Round "2.67"]
[White "Schmidt, Alexander Nadvid"]
[Black "Kapr, Klaus"]
[Result "1/2-1/2"]
[WhiteElo "1683"]
[BlackElo "1862"]
[PlyCount "53"]
[EventDate "2024.08.10"]
[WhiteTeam "SK Zehlendorf e.V."]
[BlackTeam "SC Friesen Lichtenberg e.V."]

1. e4 Nc6 2. Nf3 f5 3. exf5 d5 4. d4 Bxf5 5. Bb5 Bd7 6. Bxc6 bxc6 7. Ne5 Nf6 8.
Bg5 e6 9. h4 Be7 10. h5 O-O 11. h6 g6 12. f3 Rb8 13. Qd3 Qe8 14. b3 c5 15. c4
cxd4 16. Qxd4 c5 17. Qd3 Bd6 18. Bf4 Bxe5 19. Bxe5 dxc4 20. Qc3 Nd5 21. Qb2 Rb6
22. Nc3 Nb4 23. Rd1 Rf5 24. Ne4 Nd5 25. Kf2 Qf8 26. Bc7 Rc6 27. Bg3 1/2-1/2

[Event "Lichtenberger Sommer 2024"]
[Site "Berlin"]
[Date "2024.08.11"]
[Round "2.68"]
[White "Eis, Cedric"]
[Black "Küster, Finn"]
[Result "1-0"]
[WhiteElo "1860"]
[BlackElo "1679"]
[PlyCount "69"]
[EventDate "2024.08.10"]
[WhiteTeam "SF Berlin 1903 e.V."]
[BlackTeam "Spandauer SV e.V."]

1. e4 c5 2. c3 d5 3. exd5 Qxd5 4. d4 g6 5. Be3 cxd4 6. cxd4 Bg7 7. Nc3 Qa5 8.
Bc4 Nh6 9. Nf3 O-O 10. O-O Nf5 11. Qb3 Nd7 12. Rad1 Nb6 13. Bxf7+ Rxf7 14. Ng5
Nd6 15. Bf4 Ndc4 16. Nxf7 Kxf7 17. Rfe1 Bf5 18. Be5 e6 19. Bxg7 Kxg7 20. h3 h5
21. d5 Rd8 22. dxe6 Rxd1 23. Qxd1 Ne5 24. e7 Kf7 25. Qd8 Bd7 26. Qf8+ Ke6 27.
e8=Q+ Bxe8 28. Qxe8+ Kd6 29. Rd1+ Kc7 30. Nb5+ Qxb5 31. Qxb5 Nbd7 32. f4 a6 33.
Qa5+ b6 34. Qxe5+ Nxe5 35. fxe5 1-0

[Event "Lichtenberger Sommer 2024"]
[Site "Berlin"]
[Date "2024.08.11"]
[Round "2.69"]
[White "Luetzenberg, Fabian"]
[Black "Lange, Malina"]
[Result "0-1"]
[WhiteElo "1680"]
[BlackElo "1859"]
[PlyCount "66"]
[EventDate "2024.08.10"]
[WhiteTeam "vereinslos"]
[BlackTeam "SV Mattnetz Berlin e.V."]

1. e4 c5 2. Nf3 d6 3. d4 cxd4 4. Nxd4 Nf6 5. Nc3 a6 6. f3 e5 7. Nb3 Be7 8. Be3
h5 9. Qd2 Be6 10. Nd5 Nxd5 11. exd5 Bf5 12. Be2 a5 13. a4 O-O 14. O-O Nd7 15.
f4 exf4 16. Bxf4 Rc8 17. c4 Qb6+ 18. Be3 Qxb3 19. Rxf5 Bf6 20. Rxh5 Rfe8 21.
Ra3 Qb4 22. Qxb4 axb4 23. Rb3 Rxe3 24. Rxe3 Bd4 25. Kf2 Re8 26. Rhh3 f5 27. Bh5
Rxe3 28. Rxe3 f4 29. Bg4 fxe3+ 30. Ke2 Nc5 31. a5 Nb3 32. Kd3 Bc5 33. h4 Nc1+
0-1

[Event "Lichtenberger Sommer 2024"]
[Site "Berlin"]
[Date "2024.08.11"]
[Round "2.70"]
[White "Özates, Mert"]
[Black "Zussner, Tim"]
[Result "1-0"]
[WhiteElo "1854"]
[BlackElo "1679"]
[PlyCount "51"]
[EventDate "2024.08.10"]
[WhiteTeam "SG NARVA Berlin e.V."]
[BlackTeam "SV Empor Berlin e.V."]

1. e4 c5 2. Nf3 e6 3. d4 cxd4 4. Nxd4 Nc6 5. Nc3 a6 6. a3 Nf6 7. Be3 Be7 8. f4
O-O 9. Qf3 Nxd4 10. Bxd4 d6 11. O-O-O Qc7 12. g4 e5 13. fxe5 dxe5 14. Qg3 Bd6
15. Bf2 Be6 16. g5 Nd7 17. Bh3 Bxh3 18. Qxh3 Rfe8 19. Rxd6 Qxd6 20. Rd1 Qe6 21.
Qxe6 Rxe6 22. Rxd7 b5 23. Nd5 Rb8 24. Ba7 Rf8 25. Bc5 Rb8 26. Bd6 1-0

[Event "Lichtenberger Sommer 2024"]
[Site "Berlin"]
[Date "2024.08.11"]
[Round "2.71"]
[White "Oortmann, Alexis Miles"]
[Black "Potgieter, Edward"]
[Result "1/2-1/2"]
[WhiteElo "1676"]
[BlackElo "1848"]
[PlyCount "100"]
[EventDate "2024.08.10"]
[WhiteTeam "SSV Rotation Berlin e.V."]
[BlackTeam "Johannesburg Metro Chess"]

1. e4 e5 2. Bc4 Nf6 3. d3 Bc5 4. Nc3 Nc6 5. f4 d6 6. Nf3 a6 7. f5 Na5 8. Bb3
Nxb3 9. axb3 h6 10. Qe2 O-O 11. Be3 Bb4 12. O-O-O c6 13. Bd2 Re8 14. g4 Nh7 15.
h4 d5 16. g5 h5 17. Rhg1 d4 18. Nb1 Bxd2+ 19. Nbxd2 g6 20. Nc4 Qc7 21. Qh2 Nf8
22. Ncxe5 gxf5 23. g6 fxg6 24. Nxg6 Qxh2 25. Nxh2 Nxg6 26. Rxg6+ Kf7 27. exf5
Re2 28. Nf3 Bxf5 29. Rg5 Bg4 30. Nxd4 Rh2 31. Rf1+ Ke7 32. Nf5+ Bxf5 33. Rfxf5
Rxh4 34. Rxh5 Rxh5 35. Rxh5 Kd6 36. b4 Kc7 37. c4 Rg8 38. Kc2 Rg2+ 39. Kc3 Rg4
40. Re5 Rg2 41. b5 axb5 42. cxb5 Kb6 43. bxc6 bxc6 44. d4 Rg3+ 45. Kc4 Rg2 46.
b3 Rd2 47. b4 Rd1 48. Re3 Rc1+ 49. Rc3 Rd1 50. Rf3 Rc1+ 1/2-1/2

[Event "Lichtenberger Sommer 2024"]
[Site "Berlin"]
[Date "2024.08.11"]
[Round "2.72"]
[White "Sklorz, Tobias"]
[Black "Pruner, Ulf"]
[Result "1-0"]
[WhiteElo "1843"]
[BlackElo "1676"]
[PlyCount "113"]
[EventDate "2024.08.10"]
[WhiteTeam "TSV Mariendorf 1897"]
[BlackTeam "SF Berlin 1903 e.V."]

1. e4 c5 2. Nf3 d6 3. d4 cxd4 4. Nxd4 Nf6 5. Nc3 g6 6. Be3 Nc6 7. f3 h5 8. Qd2
h4 9. O-O-O Nxd4 10. Bxd4 Bh6 11. Be3 Bxe3 12. Qxe3 Rh5 13. Bc4 Qa5 14. Rhe1
Be6 15. Bxe6 fxe6 16. h3 b5 17. Kb1 b4 18. Ne2 Qa4 19. Qb3 Qxb3 20. axb3 Rc5
21. Nf4 Kf7 22. Nd3 Rb5 23. e5 Nd5 24. Re4 g5 25. Rde1 Re8 26. f4 Nxf4 27. Nxf4
dxe5 28. Nd3 Kg7 29. Rxe5 Rxe5 30. Rxe5 Rf8 31. Rxg5+ Kh6 32. Rg4 Rf1+ 33. Ka2
Kh5 34. Nf4+ Kh6 35. Nxe6 Rf2 36. Rxh4+ Kg6 37. Rg4+ Kf5 38. Nd4+ Kf6 39. Nc6
Rxc2 40. Nxb4 Rd2 41. Nc6 Rd6 42. Nd4 e5 43. Nf3 Rd5 44. Nxe5 Rxe5 45. h4 Re1
46. Rg5 Re4 47. g3 Re7 48. Ka3 Re6 49. b4 Re3+ 50. Ka4 Re2 51. b3 Ra2+ 52. Kb5
a6+ 53. Kc4 Rc2+ 54. Kd3 Rb2 55. Kc3 Rf2 56. b5 axb5 57. Kb4 1-0

[Event "Lichtenberger Sommer 2024"]
[Site "Berlin"]
[Date "2024.08.11"]
[Round "2.73"]
[White "Geiß, Anne"]
[Black "Bruening, Wolfgang"]
[Result "0-1"]
[WhiteElo "1669"]
[BlackElo "1840"]
[PlyCount "148"]
[EventDate "2024.08.10"]

1. e4 e6 2. d4 d5 3. Nd2 dxe4 4. Nxe4 Nd7 5. Nf3 Ngf6 6. Bd3 Nxe4 7. Bxe4 Nf6
8. Bd3 c5 9. Bb5+ Bd7 10. Bxd7+ Nxd7 11. O-O Be7 12. c3 O-O 13. Bf4 cxd4 14.
cxd4 Nb6 15. Qb3 Qd5 16. Qxd5 Nxd5 17. Bd2 Rfd8 18. Rac1 a6 19. a3 b5 20. Ne5
Bf6 21. Ba5 Rd6 22. Rfd1 h6 23. g3 Bd8 24. Bxd8 Raxd8 25. Rc6 Rxc6 26. Nxc6 Rd6
27. Rc1 f6 28. Kg2 Kf7 29. Kf3 Nb6 30. b3 Nc4 31. bxc4 Rxc6 32. c5 Ke7 33. Ke4
Rc8 34. Rb1 Kd7 35. f4 Kc6 36. Rc1 Rd8 37. g4 g6 38. h4 a5 39. Rc2 Rd5 40. Rc1
b4 41. axb4 axb4 42. Rc4 Kb5 43. Kd3 Rd7 44. c6 Rc7 45. Rc5+ Kb6 46. Kc4 b3 47.
Rb5+ Kxc6 48. Rxb3 Kd6+ 49. Kd3 Ra7 50. Ke4 f5+ 51. gxf5 gxf5+ 52. Ke3 Rg7 53.
Rb6+ Kd5 54. Rb5+ Kc6 55. Rc5+ Kd6 56. Kf3 Rg4 57. h5 Rh4 58. Ra5 Rxh5 59. Ra6+
Kd5 60. Ra4 Rh3+ 61. Ke2 h5 62. Rb4 h4 63. Ra4 Rb3 64. Ra8 h3 65. Rd8+ Ke4 66.
Kf2 Kxf4 67. Rh8 Rb2+ 68. Kg1 h2+ 69. Rxh2 Rxh2 70. Kxh2 Ke4 71. d5 exd5 72.
Kg2 d4 73. Kf2 d3 74. Ke1 f4 0-1

[Event "Lichtenberger Sommer 2024"]
[Site "Berlin"]
[Date "2024.08.11"]
[Round "2.74"]
[White "Rennspieß, Jens"]
[Black "Albrecht, Constantin"]
[Result "1/2-1/2"]
[WhiteElo "1839"]
[BlackElo "1667"]
[PlyCount "163"]
[EventDate "2024.08.10"]

{[BlackTitle ""] [WhiteFideId "24616591"] [BlackFideId "16236106"]  
[WhiteNatFedId "10174880"] [BlackNatFedId "10433066"] [WhiteAttr "M"]  
[BlackAttr "M"] [WhiteTeam "SV Berolina Mitte e. V. "] [BlackTeam "SV Empor
Berlin e. V. "] [PlyCount "0"]} 1. e4 e5 2. Nf3 Nc6 3. Bb5 a6 4.
Ba4 b5 5. Bb3 Bc5 6. c3 Nf6 7. O-O d6 8. d4 exd4 9. cxd4 Bb6 10. h3 O-O 11. Re1
Bb7 12. d5 Ne5 13. Nxe5 dxe5 14. Nc3 Rc8 15. a4 b4 16. a5 bxc3 17. axb6 cxb2
18. Bxb2 cxb6 19. Bxe5 Nd7 20. Bd4 Nc5 21. Qg4 f6 22. Ba2 Kh8 23. Re3 Rc7 24.
Rb1 f5 25. Qe2 fxe4 26. Rg3 Bxd5 27. Qb2 Ne6 28. Bxb6 Bxa2 29. Bxc7 Qxc7 30.
Qxa2 Nd4 31. Qb2 Qc4 32. Re3 Nf5 33. Rc3 Qe6 34. Qa3 Rd8 35. Rbc1 h6 36. Rc6
Qd7 37. Qxa6 e3 38. fxe3 Nxe3 39. Rc8 Rxc8 40. Qxc8+ Qxc8 41. Rxc8+ Kh7 42. Kf2
Nd5 43. Ra8 Nf6 44. Kf3 Nd5 45. Ra7 Nf6 46. g4 Ne8 47. h4 Nf6 48. Kf4 Nd5+ 49.
Kf3 Nf6 50. Ra5 Ne8 51. Kf4 Nd6 52. Rd5 Ne8 53. Ra5 Nc7 54. Kf5 Ne8 55. Ke6 Nf6
56. Kf5 Ng8 57. Ra7 Nf6 58. Rf7 Nd5 59. Ra7 Ne3+ 60. Kf4 Nd5+ 61. Ke5 Nf6 62.
Ra4 Nd7+ 63. Kf5 Nb6 64. Ra6 Nd5 65. Re6 Nb4 66. Rd6 Nc2 67. Ke4 Na3 68. Rc6
Nb5 69. Kd5 Na3 70. g5 hxg5 71. hxg5 Nb1 72. Ke5 Nd2 73. g6+ Kh6 74. Kf5 Nf3
75. Rc4 Kh5 76. Rf4 Nh4+ 77. Ke6 Nxg6 78. Rf1 Nh4 79. Rg1 g5 80. Rg3 g4 81. Kf6
Nf3 82. Rxg4 1/2-1/2

[Event "Lichtenberger Sommer 2024"]
[Site "Berlin"]
[Date "2024.08.11"]
[Round "2.75"]
[White "Koerber, Bernhard"]
[Black "Andersen, Guttorm"]
[Result "0-1"]
[WhiteElo "1662"]
[BlackElo "1835"]
[PlyCount "32"]
[EventDate "2024.08.10"]
[WhiteTeam "SG Lasker Steglitz"]

1. e4 e6 2. d4 d5 3. Nc3 dxe4 4. Nxe4 Nd7 5. Nf3 Ngf6 6. Bg5 Be7 7. Nxf6+ Nxf6
8. c4 O-O 9. Bd3 c5 10. dxc5 Bxc5 11. O-O Be7 12. Qc2 h6 13. Rad1 hxg5 14. Nxg5
Qa5 15. Bh7+ Kh8 16. Rd4 Qxg5 0-1

[Event "Lichtenberger Sommer 2024"]
[Site "Berlin"]
[Date "2024.08.11"]
[Round "2.76"]
[White "Kopbauer, René"]
[Black "Zesewitz, Uwe"]
[Result "0-1"]
[WhiteElo "1832"]
[BlackElo "1629"]
[PlyCount "98"]
[EventDate "2024.08.10"]
[WhiteTeam "TSG Oberschöneweide e.V."]
[BlackTeam "SV SF Friedrichshagen"]

1. e4 d6 2. d4 c6 3. Nf3 Nf6 4. Nc3 Bg4 5. Be2 Qa5 6. Bd2 Qc7 7. h3 Bh5 8. Bf4
Bxf3 9. Bxf3 e5 10. Bg5 Nbd7 11. d5 Be7 12. Bg4 Nc5 13. Qf3 Ncd7 14. Ne2 h5 15.
Bf5 g6 16. Bxd7+ Nxd7 17. Bxe7 Kxe7 18. O-O-O Qa5 19. Kb1 Nc5 20. Qe3 f6 21. f4
Qb6 22. fxe5 dxe5 23. Nc3 Rad8 24. g4 Na4 25. Qxb6 Nxb6 26. gxh5 Rxh5 27. Rd3
f5 28. dxc6 bxc6 29. Rg3 Kf6 30. Rhg1 Rh6 31. Kc1 Nc4 32. R1g2 f4 33. Rf3 Rd4
34. b3 Na3 35. Re2 g5 36. Nd1 Ke6 37. Nf2 Nb5 38. c3 Rd7 39. Ng4 Rhh7 40. a4
Nc7 41. Rg2 a5 42. Nf2 Rdg7 43. Nd3 Na6 44. Nb2 Nc5 45. Re2 Nxb3+ 46. Kc2 Nc5
47. Rd2 g4 48. hxg4 Rxg4 49. Nc4 Nxe4 0-1

[Event "Lichtenberger Sommer 2024"]
[Site "Berlin"]
[Date "2024.08.11"]
[Round "2.77"]
[White "Teusch, Lucas"]
[Black "Lippianowski, Stefan"]
[Result "1-0"]
[WhiteElo "1776"]
[BlackElo "1427"]
[PlyCount "35"]
[EventDate "2024.08.10"]
[WhiteTeam "Leegebrucher SF"]
[BlackTeam "SV Mattnetz Berlin e.V."]

1. Nc3 e5 2. Nf3 Nc6 3. d4 d6 4. dxe5 dxe5 5. Qxd8+ Nxd8 6. Nxe5 Nf6 7. g3 Bd6
8. Nd3 O-O 9. Bg2 Nc6 10. Bf4 Nd4 11. O-O-O Bb4 12. Nxb4 c5 13. Nbd5 Ng4 14.
Be3 Nxe3 15. fxe3 Nf5 16. e4 Nd6 17. Ne7+ Kh8 18. Rxd6 1-0